000 01246cam a2200277Ii 4500
001 pliprogrammersre00gott
003 CaSfIA
005 20210118210822.0
007 cr||||
008 751205s1973 nyu 000 0 eng d
040 _aINT
_cINT
_dOCLCG
_dCaSfIA
035 _a(OCoLC)1877536
050 4 _aQA76.73.P25
_bG68
100 1 _aGottfried, Byron S.,
_d1934-
245 1 0 _aPL/I :
_h[electronic resource]
_bprogrammer's reference guide /
_cByron S. Gottfried.
260 _aNew York :
_bQuantum,
_c1973.
300 _a29 p. ;
_c28 cm.
490 0 _aQPI reference guides in computer languages
650 0 _aPL/I (Computer program language)
029 1 _aAU@
_b000010233240
856 4 1 _uhttp://www.archive.org/details/pliprogrammersre00gott
_zFree eBook from the Internet Archive
856 4 2 _uhttp://www.openlibrary.org/books/OL24216875M
_zAdditional information and access via Open Library
942 _cEB
506 _fНеобхідна авторизація на https://archive.org/ (створення облікового запису безкоштовно)
506 _fНеобхідна авторизація на https://openlibrary.org/ (створення облікового запису безкоштовно)
999 _c537344
_d537344